Kapitoly z dejín socialistického poľnohospodárstva v Československu

Gespeichert in:
Bibliographische Detailangaben
Format: Buch
Sprache:Slowakisch
Veröffentlicht: Bratislava Pravda 1982
Tags: Tag hinzufügen
Keine Tags, Fügen Sie das erste Tag hinzu!

MARC

LEADER 00000nam a2200000 4500
001 c129263
005 20240417083226.6
041 0 |a slo 
044 |a SK 
245 1 0 |a Kapitoly z dejín socialistického poľnohospodárstva v Československu 
264 1 |a Bratislava  |b Pravda  |c 1982 
300 |a 310 s.